| 000 | 00000nam##2200000za#4500 |
| 001 | 9.640997 |
| 003 | CaOODSP |
| 005 | 20250506145323 |
| 007 | cr ||||||||||| |
| 008 | 150407|1984||||xxc|||||o f|0| 0 fre|d |
| 040 | |aCaOODSP|bfre |
| 043 | |an-cn--- |
| 086 | 1 |aA15-5181/1984F-PDF |
| 110 | 1 |aCanada.|bAgriculture Canada. |
| 245 | 13|aLa récupération de la chaleur dans l'industrie des aliments et des boissons |h[ressource électronique] |
| 260 | |aOttawa - Ontario : |bAgriculture Canada |cc1984. |
| 300 | |a36p.|bfigures, tableaux |
| 500 | |aPublication 5181 F. Le n° de catalogue (A15-5181/1984F) et l'ISBN (0-662-92652-8) de l'édition imprimée ont été incorrectement copiés dans l'édition électronique. |
| 590 | |a12-42-Supp|b2012-11-21 |
| 691 | 07|aConservation de l'énergie|2gcpds |
| 691 | 07|aIndustrie agro-alimentaire|2gcpds |
| 691 | 07|aIndustrie des boissons|2gcpds |
| 775 | 08|tHeat recovery for Canadian food and beverage industries |w(CaOODSP)9.696918 |
| 856 | 40|ahttp://publications.gc.ca|qPDF|s2.17 Mo|uhttps://publications.gc.ca/collections/collection_2012/agr/A15-5181-1984-fra.pdf |